<?xml version="1.0" encoding="UTF-8"?>
<record
    xmlns:xsi="http://www.w3.org/2001/XMLSchema-instance"
    xsi:schemaLocation="http://www.loc.gov/MARC21/slim http://www.loc.gov/standards/marcxml/schema/MARC21slim.xsd"
    xmlns="http://www.loc.gov/MARC21/slim">

  <leader>00954nam a22002777a 4500</leader>
  <controlfield tag="005">20240530110406.0</controlfield>
  <controlfield tag="008">150202s2009    ua d   g      000 0 ara d</controlfield>
  <datafield tag="017" ind1=" " ind2=" ">
    <subfield code="a">2008/1914</subfield>
    <subfield code="b">&#x645;&#x635;&#x631; . &#x62F;&#x627;&#x631; &#x627;&#x644;&#x643;&#x62A;&#x628; &#x627;&#x644;&#x645;&#x635;&#x631;&#x64A;&#x629;</subfield>
  </datafield>
  <datafield tag="020" ind1=" " ind2=" ">
    <subfield code="a">9773682021</subfield>
  </datafield>
  <datafield tag="040" ind1=" " ind2=" ">
    <subfield code="a">EG-CaGPL</subfield>
  </datafield>
  <datafield tag="041" ind1="0" ind2=" ">
    <subfield code="a">ara</subfield>
  </datafield>
  <datafield tag="082" ind1="0" ind2="4">
    <subfield code="2">21</subfield>
    <subfield code="a">658.3145\</subfield>
    <subfield code="b">&#x645; &#x625;</subfield>
  </datafield>
  <datafield tag="100" ind1="0" ind2=" ">
    <subfield code="a">&#x645;&#x62D;&#x645;&#x62F; &#x627;&#x644;&#x635;&#x64A;&#x631;&#x641;&#x649;</subfield>
  </datafield>
  <datafield tag="245" ind1="1" ind2="0">
    <subfield code="a">&#x627;&#x62F;&#x627;&#x631;&#x629; &#x627;&#x644;&#x639;&#x645;&#x644; &#x627;&#x644;&#x62C;&#x645;&#x627;&#x639;&#x649; /</subfield>
    <subfield code="c">&#x645;&#x62D;&#x645;&#x62F; &#x627;&#x644;&#x635;&#x64A;&#x631;&#x641;&#x649;</subfield>
  </datafield>
  <datafield tag="250" ind1=" " ind2=" ">
    <subfield code="a">&#x637; 1</subfield>
  </datafield>
  <datafield tag="260" ind1=" " ind2=" ">
    <subfield code="a">&#x627;&#x644;&#x627;&#x633;&#x643;&#x646;&#x62F;&#x631;&#x64A;&#x629; :</subfield>
    <subfield code="b">&#x645;&#x624;&#x633;&#x633;&#x629; &#x62D;&#x648;&#x631;&#x633; &#x627;&#x644;&#x62F;&#x648;&#x644;&#x64A;&#x629; &#x60C;</subfield>
    <subfield code="c">2009</subfield>
  </datafield>
  <datafield tag="300" ind1=" " ind2=" ">
    <subfield code="a">478 &#x635; &#x61B;</subfield>
    <subfield code="c">24 &#x633;&#x645;</subfield>
  </datafield>
  <datafield tag="504" ind1=" " ind2=" ">
    <subfield code="a">&#x628;&#x628;&#x644;&#x64A;&#x648;&#x62C;&#x631;&#x627;&#x641;&#x64A;&#x629; : &#x635; 466 - 478</subfield>
  </datafield>
  <datafield tag="650" ind1="0" ind2="4">
    <subfield code="a">&#x627;&#x644;&#x62C;&#x645;&#x627;&#x639;&#x629;</subfield>
  </datafield>
  <datafield tag="650" ind1="0" ind2="4">
    <subfield code="a">&#x627;&#x644;&#x639;&#x645;&#x644; &#x627;&#x644;&#x62C;&#x645;&#x627;&#x639;&#x649;</subfield>
    <subfield code="x">&#x645;&#x647;&#x627;&#x631;&#x627;&#x62A;</subfield>
  </datafield>
  <datafield tag="650" ind1="0" ind2="4">
    <subfield code="a">&#x627;&#x644;&#x62A;&#x641;&#x627;&#x639;&#x644; &#x627;&#x644;&#x627;&#x62C;&#x62A;&#x645;&#x627;&#x639;&#x649;</subfield>
  </datafield>
  <datafield tag="650" ind1="0" ind2="4">
    <subfield code="a">&#x627;&#x644;&#x639;&#x645;&#x644; &#x627;&#x644;&#x62C;&#x645;&#x627;&#x639;&#x649;</subfield>
    <subfield code="x">&#x62A;&#x646;&#x638;&#x64A;&#x645; &#x648;&#x627;&#x62F;&#x627;&#x631;&#x629;</subfield>
  </datafield>
  <datafield tag="650" ind1="0" ind2="4">
    <subfield code="a">&#x627;&#x644;&#x639;&#x645;&#x644; &#x627;&#x644;&#x62C;&#x645;&#x627;&#x639;&#x649;</subfield>
  </datafield>
  <datafield tag="942" ind1=" " ind2=" ">
    <subfield code="2">ddc</subfield>
    <subfield code="c">BK</subfield>
  </datafield>
  <datafield tag="999" ind1=" " ind2=" ">
    <subfield code="c">60362</subfield>
    <subfield code="d">60362</subfield>
  </datafield>
  <datafield tag="952" ind1=" " ind2=" ">
    <subfield code="0">0</subfield>
    <subfield code="1">0</subfield>
    <subfield code="4">0</subfield>
    <subfield code="7">0</subfield>
    <subfield code="a">CAI</subfield>
    <subfield code="b">CAI</subfield>
    <subfield code="d">2015-02-02</subfield>
    <subfield code="l">0</subfield>
    <subfield code="o">658.3145\ &#x645; &#x625;</subfield>
    <subfield code="p">159390</subfield>
    <subfield code="r">2015-02-02 00:00:00</subfield>
    <subfield code="w">2015-02-02</subfield>
    <subfield code="y">BK</subfield>
  </datafield>
</record>
